[Event "Solingen-ch 2014"]
[Site "Solingen"]
[Date "2014.11.07"]
[Round "5.11"]
[White "Bauer, Matthias"]
[Black "Meckel, Helmut"]
[Result "1/2-1/2"]
[WhiteElo "1692"]
[BlackElo "1832"]
[PlyCount "86"]
[EventDate "2014.??.??"]
[WhiteTeam "SV Günnigfeld"]
[BlackTeam "SG Solingen"]

1. e4 e6 2. Nf3 d5 3. e5 c5 4. d4 cxd4 5. Qxd4 Nc6 6. Qf4 Qc7 7. c3 f6 8. exf6
Qxf4 9. Bxf4 gxf6 10. Bb5 a6 11. Ba4 b5 12. Bb3 Nge7 13. Bd6 Bb7 14. Nbd2 Kd7
15. Bc5 Rc8 16. Bc2 Ne5 17. Nxe5+ fxe5 18. Bb4 Bg7 19. Nb3 Bf6 20. Nc5+ Ke8 21.
Nxb7 Rc7 22. Nc5 Kf7 23. Nxa6 Rc6 24. Nc5 e4 25. Nd7 Bg7 26. a4 Rhc8 27. axb5
R6c7 28. Nc5 Rxc5 29. Bxc5 Rxc5 30. O-O Rxb5 31. Ra2 Nf5 32. Ba4 Rb6 33. Bd1 d4
34. Bh5+ Kf6 35. cxd4 Kg5 36. Be2 Bxd4 37. h3 e5 38. Bg4 Bxb2 39. Bxf5 Kxf5 40.
Rb1 Bd4 41. Rxb6 Bxb6 42. Ra6 Bd4 43. Kf1 e3 1/2-1/2

[Event "Solingen-ch 2014"]
[Site "Solingen"]
[Date "2014.11.07"]
[Round "5.12"]
[White "Nguyen, Gia Huy Philipp"]
[Black "Reif, Frank"]
[Result "1-0"]
[WhiteElo "1826"]
[BlackElo "1752"]
[PlyCount "113"]
[EventDate "2014.??.??"]
[WhiteTeam "SG Solingen"]
[BlackTeam "TV Witzhelden"]

1. e4 e5 2. Nf3 Nc6 3. Bb5 a6 4. Bxc6 dxc6 5. Nc3 f6 6. Ng1 Be6 7. Nge2 Bc5 8.
d3 Ne7 9. O-O Bg4 10. Kh1 Ng6 11. Qe1 Qe7 12. f3 Be6 13. f4 exf4 14. Nxf4 Bf7
15. Qg3 Bd6 16. Qf2 O-O 17. Nxg6 Bxg6 18. Bf4 Bxf4 19. Qxf4 Qd6 {(=)} 20. Rae1
Rfe8 21. a3 Re7 22. Qf2 b6 23. Ne2 Qe5 24. Qd4 Ree8 25. Qc4+ Bf7 26. Qc3 c5 27.
Rf5 Qxc3 28. Nxc3 Rad8 29. b3 Be6 30. Rff1 Bf7 31. Kg1 b5 32. Rf5 Re5 33. Ref1
c4 34. bxc4 bxc4 35. Rxe5 fxe5 36. dxc4 Bxc4 37. Rf5 Rf8 {(=)} 38. Kf2 g6 39.
Rxf8+ Kxf8 40. Nd5 c6 41. Nf6 Ke7 42. Nxh7 a5 43. Ke3 a4 44. g3 Kd6 45. Ng5 Ba2
46. Nf3 c5 47. h4 Be6 48. Nh2 c4 49. c3 Ke7 50. Kf3 Kf6 51. Ng4+ Kg7 52. Nxe5
Kf6 53. Ng4+ Kg7 54. Kf4 Kf7 55. Kg5 Bxg4 56. Kxg4 Kf6 57. Kf4 1-0

[Event "Solingen-ch 2014"]
[Site "Solingen"]
[Date "2014.11.07"]
[Round "5.13"]
[White "Vranidis, Athanassios"]
[Black "Möller, Laura"]
[Result "1-0"]
[WhiteElo "1890"]
[BlackElo "1163"]
[PlyCount "79"]
[EventDate "2014.??.??"]
[WhiteTeam "SG Solingen"]
[BlackTeam "SG Solingen"]

1. d4 Nf6 2. c4 g6 3. Nc3 Bg7 4. e4 d6 5. Be2 O-O 6. Bg5 c6 7. Nf3 Bg4 8. h3
Bxf3 9. Bxf3 Nfd7 10. O-O Qe8 11. Qd2 e5 12. d5 Nc5 13. dxc6 Qxc6 14. Be7 Re8
15. Qxd6 Qxd6 16. Bxd6 Nd3 17. Ba3 Nc6 18. Nd5 Red8 19. Rfd1 Nf4 20. Ne7+ Nxe7
21. Bxe7 Rd4 22. b3 Ne6 23. Ba3 Ng5 24. Bb2 Nxf3+ 25. gxf3 Rdd8 26. Rd5 Rxd5
27. cxd5 f5 28. Rc1 b5 29. Rc7 a5 30. a4 bxa4 31. bxa4 Rb8 32. Rxg7+ Kf8 33.
Bxe5 Re8 34. Bd4 fxe4 35. Rxh7 exf3 36. Rh8+ Ke7 37. Rxe8+ Kxe8 38. Bc3 Kd7 39.
Bxa5 Kd6 40. Kh2 1-0

[Event "Solingen-ch 2014"]
[Site "Solingen"]
[Date "2014.11.07"]
[Round "5.14"]
[White "Ferger, Jürgen"]
[Black "Sherif, Malik"]
[Result "1-0"]
[WhiteElo "1822"]
[BlackElo "1454"]
[PlyCount "67"]
[EventDate "2014.??.??"]
[WhiteTeam "SG Solingen"]
[BlackTeam "SG Solingen"]

1. Nf3 Nf6 2. g3 g6 3. Bg2 Bg7 4. O-O O-O 5. c4 d5 6. cxd5 Nxd5 7. Nc3 Nxc3 8.
bxc3 Re8 9. Qb3 c6 10. d3 e5 11. Ng5 Qc7 12. Ba3 h6 13. Bd6 Qd7 14. Bh3 Qd8 15.
Nxf7 Qb6 16. Bxc8 Qxb3 17. axb3 Rxc8 18. Nxe5 g5 19. d4 Na6 20. Nd3 Rd8 21. Be5
Bf8 22. c4 Bd6 23. Rfd1 Nc7 24. e3 Ne6 25. Bxd6 Rxd6 26. Ne5 a6 27. Rd3 Rad8
28. Rad1 Kg7 29. f4 gxf4 30. gxf4 Kf6 31. Kf2 Nf8 32. Rg1 Kf5 33. Kf3 Ke6 34.
Rg7 1-0

[Event "Solingen-ch 2014"]
[Site "Solingen"]
[Date "2014.11.07"]
[Round "5.16"]
[White "Falge, Rainer"]
[Black "Schubert, Florian"]
[Result "1-0"]
[WhiteElo "1721"]
[BlackElo "971"]
[PlyCount "47"]
[EventDate "2014.??.??"]
[WhiteTeam "SG Solingen"]
[BlackTeam "SG Solingen"]

1. e4 e5 2. Nf3 Nc6 3. Bc4 Bd6 4. d3 Nf6 5. O-O O-O 6. Nc3 Bc5 7. Bg5 d6 8. Nd5
Be6 9. Nxf6+ Kh8 10. Nxh7 Qe8 11. Bxe6 fxe6 12. Nxf8 Qxf8 13. Nh4 Qf7 14. Be3
Nd4 15. c3 Nc6 16. Bxc5 dxc5 17. Qg4 Kh7 18. f4 Rd8 19. Rf3 Rh8 20. f5 Kg8 21.
fxe6 Qe7 22. Ng6 Qd6 23. Nxh8 Kxh8 24. Rf7 1-0

[Event "Solingen-ch 2014"]
[Site "Solingen"]
[Date "2014.11.07"]
[Round "5.17"]
[White "Mix, Lothar"]
[Black "Ehringfeld, Michael"]
[Result "1/2-1/2"]
[WhiteElo "1293"]
[BlackElo "1428"]
[PlyCount "67"]
[EventDate "2014.??.??"]
[WhiteTeam "SG Solingen"]
[BlackTeam "SG Solingen"]

1. e4 e6 2. b3 d5 3. exd5 exd5 4. d4 Bd6 5. Nf3 Ne7 6. c4 Bb4+ 7. Bd2 Bxd2+ 8.
Nbxd2 Bg4 9. Qc1 O-O 10. h3 Bxf3 11. Nxf3 Re8 12. Qc2 Nbc6 13. Be2 dxc4 14. O-O
cxb3 15. axb3 Nf5 16. Qxf5 Rxe2 17. Ng5 h6 18. Qxf7+ Kh8 19. Qh5 Qxg5 20. Qxe2
Nxd4 21. Qg4 Qxg4 22. hxg4 c5 23. f4 b6 24. f5 Kg8 25. f6 Nxb3 26. Rad1 Nd4 27.
Rde1 a5 28. Re7 gxf6 29. Rxf6 c4 30. Rd7 Ne2+ 31. Kf2 Nc3 32. Rxb6 Ne4+ 33. Ke3
Re8 34. Kd4 {Rest nicht nachvollziehbar} 1/2-1/2

[Event "Solingen-ch 2014"]
[Site "Solingen"]
[Date "2014.11.07"]
[Round "5.18"]
[White "Littek, Oliver"]
[Black "Nink, Niklas"]
[Result "0-1"]
[WhiteElo "972"]
[BlackElo "1712"]
[PlyCount "54"]
[EventDate "2014.??.??"]
[WhiteTeam "SG Solingen"]
[BlackTeam "SG Solingen"]

1. e4 c5 2. Nc3 d6 3. Bc4 a6 4. Nf3 e6 5. O-O b5 6. Be2 Nf6 7. a3 Bb7 8. d3 Be7
9. Bg5 O-O 10. Qd2 h6 11. Bxf6 Bxf6 12. Rad1 Qd7 13. d4 cxd4 14. Nxd4 Rd8 15.
Qe3 Nc6 16. Nxc6 Qxc6 17. Qd3 a5 18. h3 b4 19. Nb1 Qxe4 20. Qxe4 Bxe4 21. Rd2
Bxb2 22. axb4 axb4 23. Rdd1 Bxc2 24. Rd2 b3 25. Bc4 Bf6 26. Bd3 Rdc8 27. Rc1
Bg5 0-1

[Event "Solingen-ch 2014"]
[Site "Solingen"]
[Date "2014.11.07"]
[Round "5.19"]
[White "Schubert, Stefan"]
[Black "Barche, Robert"]
[Result "1-0"]
[WhiteElo "1185"]
[BlackElo "1350"]
[PlyCount "49"]
[EventDate "2014.??.??"]
[WhiteTeam "SG Solingen"]
[BlackTeam "SG Solingen"]

1. c4 b6 2. Nc3 Bb7 3. e4 e6 4. d4 Bb4 5. d5 Na6 6. a3 Bd6 7. Nf3 c6 8. e5 Bb8
9. d6 f6 10. b4 fxe5 11. Nxe5 Qf6 12. Bf4 Qxf4 13. Qh5+ g6 14. Nxg6 Nf6 15.
Nxf4+ Nxh5 16. Nxh5 Bxd6 17. Nf6+ Kd8 18. Rd1 Ke7 19. Nce4 Rhf8 20. Nxh7 Rf7
21. Nxd6 Rxh7 22. Nxb7 d5 23. c5 Nc7 24. Bd3 Rg7 25. O-O 1-0

[Event "Solingen-ch 2014"]
[Site "Solingen"]
[Date "2014.11.21"]
[Round "6.1"]
[White "Kesseler, Heiko"]
[Black "Kniest, Oliver"]
[Result "0-1"]
[WhiteElo "1947"]
[BlackElo "2302"]
[PlyCount "62"]
[EventDate "2014.??.??"]
[WhiteTeam "Elberfelder SG"]
[BlackTeam "SG Solingen"]

1. e4 e5 2. Nf3 Nc6 3. Nc3 Nf6 4. d4 exd4 5. Nxd4 Bb4 6. Nxc6 bxc6 7. Bg5 h6 8.
Bd2 Qe7 9. Qe2 d6 10. Qc4 c5 11. O-O-O O-O 12. f3 Rb8 13. Bd3 c6 14. e5 dxe5
15. Qh4 Nd5 16. Qe4 Nf6 17. Qh4 c4 18. Bxc4 Bf5 19. g4 Bg6 20. Rhg1 Rfd8 21.
Bb3 Rd4 22. Qf2 c5 23. g5 hxg5 24. Bxg5 c4 25. Bxf6 Qxf6 26. Rxd4 exd4 27. Nd5
Qc6 28. Rxg6 fxg6 29. Qg3 Rb7 30. Qg5 cxb3 31. axb3 Bf8 0-1

[Event "Solingen-ch 2014"]
[Site "Solingen"]
[Date "2014.11.21"]
[Round "6.2"]
[White "Peschel, Andreas"]
[Black "Görke, Joachim"]
[Result "0-1"]
[WhiteElo "2117"]
[BlackElo "2090"]
[PlyCount "122"]
[EventDate "2014.??.??"]
[WhiteTeam "SG Solingen"]
[BlackTeam "SG Solingen"]

1. Nf3 Nf6 2. d4 g6 3. Nc3 Bg7 4. e4 d6 5. h3 O-O 6. Be3 b6 7. e5 Ne8 8. Bc4 e6
9. Bg5 Qd7 10. d5 dxe5 11. dxe6 fxe6 12. Qe2 Nd6 13. O-O-O Qc6 14. Bb3 Kh8 15.
Be7 Rf5 16. Ba4 Qc5 17. Ne4 Ba6 18. Qe1 Qc4 19. Nxd6 cxd6 20. Bb3 Qf4+ 21. Kb1
d5 22. Bb4 e4 23. Nd4 Bxd4 24. Rxd4 Nc6 25. Qc3 Nxd4 26. Qxd4+ Rf6 27. Bc3 Raf8
28. Qa4 Be2 29. Qxa7 Qxf2 30. Be5 Kg8 31. Bxf6 Rxf6 32. a4 Bf1 33. Qb8+ Kg7 34.
Qc7+ Kh6 35. g4 Qf4 36. Qxb6 e3 37. h4 e2 38. g5+ Kh5 39. gxf6 e1=Q+ 40. Ka2
Qfc1 41. Ka3 Qa1+ 42. Ba2 Qg3+ 43. c3 Qf4 44. Qxe6 Qd1 45. Qc6 Bb5 46. Qxb5
Qxh1 47. Bxd5 Qa1+ 48. Ba2+ Kxh4 49. Qb4 Qxb4+ 50. cxb4 Kg5 51. f7 Qf1 52. b5
Kh6 53. a5 Kg7 54. b6 Qb5 55. b4 h5 56. Kb3 h4 57. Kc3 h3 58. Bc4 Qe5+ 59. Kb3
h2 60. a6 h1=Q 61. b7 Qd1+ 0-1

[Event "Solingen-ch 2014"]
[Site "Solingen"]
[Date "2014.11.21"]
[Round "6.3"]
[White "Pentz, Jörg"]
[Black "Zolfagharian, Kevin"]
[Result "0-1"]
[WhiteElo "1946"]
[BlackElo "2110"]
[PlyCount "48"]
[EventDate "2014.??.??"]
[WhiteTeam "vereinslos"]
[BlackTeam "SG Solingen"]

1. e4 c5 2. Nf3 Nc6 3. Be2 Nf6 4. Nc3 d6 5. O-O e5 6. d3 Be7 7. Bg5 Be6 8. Kh1
Qd7 9. a3 O-O 10. Ng1 Ne8 11. Bxe7 Nxe7 12. f4 f5 13. exf5 Nxf5 14. Qd2 Nf6 15.
fxe5 dxe5 16. Nf3 Qd6 17. Ng5 Rad8 18. b3 Kh8 19. Bf3 Bc8 20. Bxb7 Bxb7 21.
Rxf5 h6 22. Nh3 Qd4 23. Raf1 Qg4 24. Qe2 Qxh3 0-1

[Event "Solingen-ch 2014"]
[Site "Solingen"]
[Date "2014.11.21"]
[Round "6.4"]
[White "Große-Hering, Peter"]
[Black "Kaiser, Stephan"]
[Result "1-0"]
[WhiteElo "1936"]
[BlackElo "1467"]
[PlyCount "75"]
[EventDate "2014.??.??"]
[WhiteTeam "SV Horst-Emscher"]
[BlackTeam "SG Solingen"]

1. Nf3 Nf6 2. g3 d5 3. Bg2 Bg4 4. d3 Nbd7 5. Nbd2 e6 6. O-O Bd6 7. e4 c6 8. Re1
Qc7 9. Qe2 O-O 10. h3 Bxf3 11. Nxf3 Bc5 12. e5 Ne8 13. Bf4 Qb6 14. c3 Nc7 15.
a4 a5 16. h4 Rae8 17. Bh3 h6 18. Nh2 Kh8 19. Qh5 Bxf2+ 20. Kh1 Bxe1 21. Rxe1
Kh7 22. Ng4 f5 23. Bxh6 gxh6 24. Qxh6+ Kg8 25. Qg6+ Kh8 26. Nf6 Nxf6 27. exf6
Rxf6 28. Qxf6+ Kg8 29. g4 Qf2 30. Rf1 Qg3 31. Bg2 Qxg4 32. Rg1 Rf8 33. Qh6 Kf7
34. Bf1 Qxa4 35. Rg7+ Ke8 36. Rxc7 Qd1 37. Qxe6+ Kd8 38. Qd7# 1-0

[Event "Solingen-ch 2014"]
[Site "Solingen"]
[Date "2014.11.21"]
[Round "6.5"]
[White "Rosenauer, Horst"]
[Black "Speck, Stefan"]
[Result "0-1"]
[WhiteElo "1951"]
[BlackElo "1981"]
[PlyCount "114"]
[EventDate "2014.??.??"]
[WhiteTeam "Bergische SF"]
[BlackTeam "SC Solingen 28"]

1. e4 c5 2. Nf3 Nc6 3. d4 cxd4 4. Nxd4 e6 5. Be3 Nf6 6. Bd3 Nb4 7. O-O Nxd3 8.
cxd3 e5 9. Nb3 d5 10. exd5 Nxd5 11. Nc3 Be7 12. Bc5 Nf4 13. Bxe7 Qxe7 14. Qf3
O-O 15. Rfe1 Qg5 16. Kh1 Bd7 17. d4 Bg4 18. Qxb7 exd4 19. Nxd4 Rab8 20. Qe7
Qxe7 21. Rxe7 Rxb2 22. Rf1 Ne6 23. Nxe6 Bxe6 24. Rxa7 Rc2 25. Ne4 Rxa2 26. Rxa2
Bxa2 27. h3 g6 28. Ra1 Be6 29. Ra7 Rd8 30. Kh2 h6 31. Kg3 Kf8 32. Nc5 Rd6 33.
Ne4 Rd4 34. Nc5 Rd6 35. h4 Rc6 36. Ra8+ Ke7 37. Ra7+ Kf8 38. Ne4 Rc4 39. f3 Kg7
40. Nd6 Rc6 41. Ne8+ Kf8 42. Nf6 Kg7 43. Ne4 Rc4 44. Ra5 Rd4 45. Nc5 Bd5 46.
Ra7 Rc4 47. Nd3 Rd4 48. Nf4 Bb3 49. Rb7 Ba2 50. Rb2 Bd5 51. Rb5 Ba2 {(=)} 52.
Ra5 Bb3 53. Ra3 Bd5 54. Rd3 Rxd3 55. Nxd3 Kf6 56. Kf4 g5+ 57. hxg5+ hxg5+ {
Zeitüberschreitung} 0-1

[Event "Solingen-ch 2014"]
[Site "Solingen"]
[Date "2014.11.21"]
[Round "6.7"]
[White "Sherif, Amina"]
[Black "Nguyen, Gia Huy Philipp"]
[Result "1/2-1/2"]
[WhiteElo "1880"]
[BlackElo "1826"]
[PlyCount "86"]
[EventDate "2014.??.??"]
[WhiteTeam "SG Solingen"]
[BlackTeam "SG Solingen"]

1. e4 c5 2. Nf3 e6 3. d4 cxd4 4. Nxd4 Nf6 5. Nc3 d6 6. g3 Be7 7. Bg2 Nbd7 8.
Be3 a6 9. O-O Qc7 10. Qe2 Rb8 11. a4 Nb6 12. Rfe1 Nc4 13. Bc1 O-O 14. b3 Ne5
15. Bb2 Qc5 16. Rad1 Rd8 17. Kh1 h5 18. f4 Neg4 19. h3 e5 20. hxg4 exd4 21. Nd5
Nxd5 22. Bxd4 Bxg4 23. Qxg4 hxg4 24. Bxc5 Nxf4 25. gxf4 dxc5 26. Kh2 Bh4 27.
Rf1 Kf8 28. e5 b5 29. axb5 axb5 30. Be4 Ke7 31. Bf5 Rxd1 32. Rxd1 Rd8 33. Bxg4
Rxd1 34. Bxd1 b4 35. Kh3 Bf2 36. Kg4 Ke6 37. Be2 Bd4 38. Bc4+ Ke7 39. Kf5 Bc3
40. Ke4 f6 41. Kf5 fxe5 42. fxe5 Bd4 43. Bd5 Bc3 1/2-1/2

[Event "Solingen-ch 2014"]
[Site "Solingen"]
[Date "2014.11.21"]
[Round "6.8"]
[White "Mentzel, Markus"]
[Black "Müller, Ernst"]
[Result "1-0"]
[WhiteElo "1952"]
[BlackElo "1728"]
[PlyCount "47"]
[EventDate "2014.??.??"]
[WhiteTeam "SG Solingen"]
[BlackTeam "SG Solingen"]

1. d4 d5 2. c4 c6 3. Nf3 Nf6 4. e3 Bf5 5. Nc3 e6 6. Nh4 Bg4 7. Qb3 Qc7 8. h3
Bh5 9. Bd2 Nbd7 10. g4 Bg6 11. Nxg6 hxg6 12. Bg2 dxc4 13. Qxc4 Nb6 14. Qb3 Bd6
15. Rc1 Be7 16. Ne4 Rc8 17. Ke2 Nfd7 18. Bb4 Nd5 19. Bxe7 Nxe7 20. Qa3 Ra8 21.
Nd6+ Kf8 22. Nxb7 Qxb7 23. Bxc6 Qa6+ 24. Qxa6 1-0

[Event "Solingen-ch 2014"]
[Site "Solingen"]
[Date "2014.11.21"]
[Round "6.9"]
[White "Grah, Ulrich"]
[Black "Bauer, Matthias"]
[Result "1-0"]
[WhiteElo "1979"]
[BlackElo "1692"]
[PlyCount "75"]
[EventDate "2014.??.??"]
[WhiteTeam "SG Solingen"]
[BlackTeam "SV Günnigfeld"]

1. e4 d5 2. exd5 Qxd5 3. Nc3 Qa5 4. Nf3 c6 5. d4 Bg4 6. h3 Bh5 7. g4 Bg6 8. Ne5
Nf6 9. Bd2 Qd8 10. Be3 e6 11. h4 Bb4 12. h5 Be4 13. f3 Bd5 14. Be2 Nbd7 15. g5
Nxe5 16. gxf6 Ng4 17. fxg4 Bxh1 18. fxg7 Rg8 19. h6 Qh4+ 20. Kd2 Be4 21. a3
Bxc3+ 22. Kxc3 O-O-O 23. Qf1 Qe7 24. Qf4 Bg6 25. b3 Rd7 26. Kb2 Qd8 27. c4 Re8
28. Rc1 c5 29. dxc5 e5 30. Qf2 Rd2+ 31. Ka1 e4 32. Bxd2 Qxd2 33. Qe1 e3 34.
Qxd2 exd2 35. Rd1 Rxe2 36. g8=Q+ Kc7 37. Qf8 Re1 38. Qd6+ 1-0

[Event "Solingen-ch 2014"]
[Site "Solingen"]
[Date "2014.11.21"]
[Round "6.10"]
[White "Meckel, Helmut"]
[Black "Vranidis, Athanassios"]
[Result "0-1"]
[WhiteElo "1832"]
[BlackElo "1890"]
[PlyCount "80"]
[EventDate "2014.??.??"]
[WhiteTeam "SG Solingen"]
[BlackTeam "SG Solingen"]

1. d4 Nf6 2. c4 e6 3. Nc3 d5 4. f3 Nc6 5. Bg5 Be7 6. e3 O-O 7. Bd3 h6 8. Bh4
dxc4 9. Bxc4 e5 10. Bb5 exd4 11. Bxc6 dxc3 12. bxc3 Qxd1+ 13. Rxd1 bxc6 14. Ne2
Be6 15. Nd4 Nd5 16. Bxe7 Nxe7 17. Nxe6 fxe6 18. Rd7 Nd5 19. Kf2 Rfd8 20. Rxd8+
Rxd8 21. Rd1 Rd7 22. Rd4 Nb6 23. Re4 Kf7 24. Rf4+ Ke7 25. Rg4 Kd6 26. Rd4+ Kc5
27. Rg4 Nd5 28. Rg6 Re7 29. g4 Nxc3 30. f4 Ne4+ 31. Kf3 Kd5 32. h4 c5 33. f5
exf5 34. gxf5 c4 35. Rg1 c3 36. Rd1+ Ke5 37. Rd4 Kxf5 38. Ke2 Re5 39. Kd3 g5
40. hxg5 hxg5 0-1

[Event "Solingen-ch 2014"]
[Site "Solingen"]
[Date "2014.11.21"]
[Round "6.11"]
[White "Porstmann, Jan"]
[Black "Alexopoulos, Dr. Spiros"]
[Result "0-1"]
[WhiteElo "1875"]
[BlackElo "1745"]
[PlyCount "92"]
[EventDate "2014.??.??"]
[WhiteTeam "SG Solingen"]
[BlackTeam "Aachener SV"]

1. e4 c5 2. Nf3 e6 3. d4 cxd4 4. Nxd4 Nf6 5. Nc3 Bb4 6. e5 Nd5 7. Bd2 Nxc3 8.
bxc3 Be7 9. Qg4 g6 10. Bd3 Nc6 11. Nxc6 dxc6 12. O-O h5 13. Qf3 Qa5 14. Rfe1
Bd7 15. Re4 g5 16. a4 g4 17. Qf4 Rg8 18. Re2 Bg5 19. Qd4 O-O-O 20. Be3 Bxe3 21.
Rxe3 c5 22. Qc4 Bc6 23. Qb3 Rg5 24. Rb1 Qxa4 25. Qxa4 Bxa4 26. Ra1 Bc6 27. Rxa7
Kb8 28. Ra1 h4 29. Kf1 Rdg8 30. Rd1 Kc7 31. Bh7 R8g7 32. Bd3 Bd5 33. Rb1 c4 34.
Be2 Kc6 35. Ra1 Rf5 36. Ra8 g3 37. hxg3 hxg3 38. f3 Rh7 39. Ke1 Rh1+ 40. Bf1
Bxf3 41. Rc8+ Kd7 42. Rxc4 Bxg2 43. Rxg3 Bxf1 44. Rd4+ Ke7 45. Re3 Bb5+ 46. Kd2
Rf2+ 0-1

[Event "Solingen-ch 2014"]
[Site "Solingen"]
[Date "2014.11.21"]
[Round "6.13"]
[White "Boschek, Dr. Hans-Joachim"]
[Black "Ferger, Jürgen"]
[Result "0-1"]
[WhiteElo "1901"]
[BlackElo "1822"]
[PlyCount "88"]
[EventDate "2014.??.??"]
[WhiteTeam "SG Solingen"]
[BlackTeam "SG Solingen"]

1. c4 Nf6 2. g3 g6 3. Bg2 Bg7 4. Nc3 c5 5. e3 O-O 6. Nge2 Nc6 7. O-O Rb8 8. d4
Na5 9. b3 b6 10. Bb2 Bb7 11. d5 d6 12. Qd3 Bc8 13. Rad1 Bd7 14. h3 a6 15. e4 b5
16. cxb5 axb5 17. Rde1 b4 18. Nd1 Bb5 19. Qc2 Bh6 20. f4 c4 21. bxc4 Nxc4 22.
Bxf6 exf6 23. Rf3 Qb6+ 24. Kh2 Rfc8 25. Rb3 Na5 26. Qb2 Nxb3 27. axb3 Bg7 28.
f5 Rc7 29. Nd4 Rbc8 30. Ne3 Rc3 31. Nxb5 Qxb5 32. Nc4 Qc5 33. Ra1 Bh6 34. Ra5
Qc7 35. Qa2 Rc1 36. Ra7 Qc5 37. h4 g5 38. Ra5 Qg1+ 39. Kh3 Qd1 40. Qf2 g4+ 41.
Kh2 R8xc4 42. bxc4 Rxc4 43. Ra2 b3 44. Rb2 Rc2 0-1

[Event "Solingen-ch 2014"]
[Site "Solingen"]
[Date "2014.11.21"]
[Round "6.14"]
[White "Möller, Laura"]
[Black "Falge, Rainer"]
[Result "1-0"]
[WhiteElo "1163"]
[BlackElo "1721"]
[PlyCount "81"]
[EventDate "2014.??.??"]
[WhiteTeam "SG Solingen"]
[BlackTeam "SG Solingen"]

1. c4 e5 2. Nc3 f5 3. g3 Nf6 4. Bg2 Nc6 5. e3 Bc5 6. Nge2 d6 7. d4 exd4 8. exd4
Bb6 9. O-O O-O 10. Bg5 Qe8 11. Bxf6 Rxf6 12. Nd5 Rh6 13. Nxb6 axb6 14. a3 Bd7
15. b4 Qf7 16. c5 bxc5 17. bxc5 dxc5 18. dxc5 Nd8 19. Re1 Bc6 20. Nf4 Bxg2 21.
Kxg2 Ne6 22. Nxe6 Rxe6 23. Qf3 c6 24. Red1 Rae8 25. Rd2 Re1 26. Rxe1 Rxe1 27.
Rd8+ Re8 28. Rxe8+ Qxe8 29. Qxf5 Qe7 30. Qc2 Qe5 31. Qb3+ Qd5+ 32. Qxd5+ cxd5
33. Kf3 Kf7 34. Ke3 Ke6 35. Kd4 h5 36. a4 g6 37. f4 h4 38. g4 h3 39. a5 Kd7 40.
Kxd5 b5 41. cxb6 1-0

[Event "Solingen-ch 2014"]
[Site "Solingen"]
[Date "2014.11.21"]
[Round "6.15"]
[White "Sherif, Malik"]
[Black "Reif, Frank"]
[Result "0-1"]
[WhiteElo "1454"]
[BlackElo "1752"]
[PlyCount "138"]
[EventDate "2014.??.??"]
[WhiteTeam "SG Solingen"]
[BlackTeam "TV Witzhelden"]

1. Nf3 Nf6 2. g3 g6 3. Bg2 Bg7 4. O-O O-O 5. c4 d6 6. d4 Nbd7 7. Nc3 e5 8. e3
c6 9. Re1 Qb6 10. Qc2 Re8 11. Bd2 Nf8 12. Qb3 Qc7 13. Qc2 Bg4 14. h3 Be6 15. b3
Bd7 16. Rad1 e4 17. Ng5 d5 18. cxd5 cxd5 19. h4 Qc8 20. Kh2 h6 21. Nh3 Ng4+ 22.
Kg1 Nxe3 23. Bxe3 Bxh3 24. Qd2 Bg4 25. Rc1 Qd7 26. Bxh6 Ne6 27. Bxg7 Kxg7 28.
Ne2 Qd6 29. Kh2 f5 30. Bh3 Bf3 31. Bg2 Bg4 32. Bh3 Bh5 33. Qe3 Bxe2 34. Rxe2 f4
35. Qd2 fxg3+ 36. fxg3 Nd8 37. Qe3 Nc6 38. Rec2 Rf8 39. Bg2 Rf5 40. Rf1 Raf8
41. Rcf2 Rxf2 42. Rxf2 Rxf2 43. Qxf2 Qf6 44. Qxf6+ Kxf6 45. Bh3 Nxd4 46. Bc8 b6
47. Bb7 Ke5 48. Ba6 Nf5 49. Kg2 d4 50. Kf2 Ne3 51. Ke2 Nd5 52. a3 Nc3+ 53. Kd2
b5 54. Kc2 e3 55. Kd3 e2 56. Kd2 Nb1+ 57. Kxe2 Nxa3 58. Kd3 b4 59. Bb7 Nb5 60.
Bc6 Nd6 61. Ba8 a5 62. Bc6 Nf5 63. Be4 Ne7 64. Bb7 Nf5 65. Be4 Ne7 66. Bb7 Nd5
67. Bc6 Ne3 68. Bb7 a4 69. bxa4 b3 0-1

[Event "Solingen-ch 2014"]
[Site "Solingen"]
[Date "2014.11.21"]
[Round "6.16"]
[White "Nink, Niklas"]
[Black "Mix, Lothar"]
[Result "1-0"]
[WhiteElo "1712"]
[BlackElo "1293"]
[PlyCount "67"]
[EventDate "2014.??.??"]
[WhiteTeam "SG Solingen"]
[BlackTeam "SG Solingen"]

1. e4 c5 2. Nf3 Nc6 3. d4 cxd4 4. Nxd4 e6 5. Nb5 a6 6. Nd6+ Bxd6 7. Qxd6 Qe7 8.
Qg3 Qf6 9. c3 Qg6 10. Qxg6 hxg6 11. Be3 Nf6 12. f3 d5 13. Nd2 Bd7 14. O-O-O Rc8
15. h3 e5 16. exd5 Nxd5 17. Bc5 Nce7 18. Ne4 O-O 19. Bxe7 Nxe7 20. Rxd7 Nf5 21.
Nd6 Nxd6 22. Rxd6 g5 23. Bd3 f5 24. Re6 Rcd8 25. Kc2 e4 26. fxe4 f4 27. Bc4 Kh8
28. Bd5 f3 29. gxf3 Rxf3 30. Rg1 Rdf8 31. Rxg5 Rxh3 32. Ree5 Rf2+ 33. Kb3 Rhh2
34. Rh5+ 1-0

[Event "Solingen-ch 2014"]
[Site "Solingen"]
[Date "2014.11.21"]
[Round "6.17"]
[White "Ehringfeld, Michael"]
[Black "Schubert, Florian"]
[Result "1-0"]
[WhiteElo "1428"]
[BlackElo "971"]
[PlyCount "41"]
[EventDate "2014.??.??"]
[WhiteTeam "SG Solingen"]
[BlackTeam "SG Solingen"]

1. d4 d5 2. Nf3 Nc6 3. Bf4 Bf5 4. a3 Nf6 5. h3 Qd7 6. e3 h6 7. Bb5 e6 8. Ne5
Qe7 9. Nxc6 bxc6 10. Bxc6+ Nd7 11. Bxa8 e5 12. dxe5 Nxe5 13. Qxd5 f6 14. Bxe5
fxe5 15. Bc6+ Bd7 16. Qxd7+ Qxd7 17. Bxd7+ Kxd7 18. O-O Bd6 19. Nc3 Rd8 20.
Rfd1 Ke7 21. Nb5 1-0

[Event "Solingen-ch 2014"]
[Site "Solingen"]
[Date "2014.11.21"]
[Round "6.19"]
[White "Littek, Oliver"]
[Black "Schubert, Stefan"]
[Result "0-1"]
[WhiteElo "972"]
[BlackElo "1185"]
[PlyCount "82"]
[EventDate "2014.??.??"]
[WhiteTeam "SG Solingen"]
[BlackTeam "SG Solingen"]

1. e4 c5 2. Nf3 e6 3. Nc3 d5 4. exd5 exd5 5. d4 Bg4 6. Be2 Nc6 7. Ne5 Nxe5 8.
Bxg4 Nxg4 9. Qxg4 Nf6 10. Qe2+ Qe7 11. Bg5 Qxe2+ 12. Nxe2 Ne4 13. Be3 c4 14. c3
Bd6 15. O-O O-O 16. Nf4 Nf6 17. Rfe1 g5 18. Ne2 h6 19. h4 Ng4 20. g3 Nxe3 21.
fxe3 Rae8 22. Kg2 Rxe3 23. hxg5 hxg5 24. Kf2 Rfe8 25. b3 b5 26. bxc4 dxc4 27.
a4 b4 28. cxb4 Bxb4 29. Rec1 Rxe2+ 30. Kf3 g4+ 31. Kxg4 R2e4+ 32. Kf3 Rxd4 33.
Rh1 Rd3+ 34. Kg2 Re2+ 35. Kf1 Rde3 36. Rd1 Re1+ 37. Kf2 Rxh1 38. Rd8+ Kg7 39.
Kxe3 c3 40. Rb8 Rb1 41. Kd3 Rb2 0-1

[Event "Solingen-ch 2014"]
[Site "Solingen"]
[Date "2014.12.05"]
[Round "7.1"]
[White "Kniest, Oliver"]
[Black "Zolfagharian, Kevin"]
[Result "1/2-1/2"]
[WhiteElo "2302"]
[BlackElo "2110"]
[PlyCount "40"]
[EventDate "2014.??.??"]
[WhiteTeam "SG Solingen"]
[BlackTeam "SG Solingen"]

1. d4 d5 2. c4 dxc4 3. Nf3 Nf6 4. e3 Be6 5. Na3 g6 6. Nxc4 Bg7 7. Bd3 O-O 8.
O-O Nbd7 9. Qe2 c5 10. Rd1 Qc7 11. Bd2 b5 12. Nce5 c4 13. Nxd7 Bxd7 14. Bc2 Nd5
15. e4 c3 16. bxc3 Nxc3 17. Bxc3 Qxc3 18. Bb3 Rac8 19. Rab1 a5 20. Ne5 Bxe5
1/2-1/2

[Event "Solingen-ch 2014"]
[Site "Solingen"]
[Date "2014.12.05"]
[Round "7.2"]
[White "Görke, Joachim"]
[Black "Große-Hering, Peter"]
[Result "1-0"]
[WhiteElo "2090"]
[BlackElo "1936"]
[PlyCount "115"]
[EventDate "2014.??.??"]
[WhiteTeam "SG Solingen"]
[BlackTeam "SV Horst-Emscher"]

1. e4 d6 2. d4 Nf6 3. Nc3 g6 4. f4 Bg7 5. Nf3 c5 6. dxc5 Qa5 7. Qd3 Qxc5 8. Be3
Qb4 9. a3 Qa5 10. Qb5+ Qxb5 11. Bxb5+ Nc6 12. e5 Ng4 13. Bd4 O-O 14. Bxc6 bxc6
15. h3 dxe5 16. fxe5 c5 17. Bxc5 Nxe5 18. Nxe5 Bxe5 19. O-O-O Bb7 20. Nd5 e6
21. Bxf8 Kxf8 22. Nc3 Bxg2 23. Rhe1 Bf4+ 24. Kb1 Bxh3 25. Rh1 Bg4 26. Rdf1 g5
27. Rxh7 Kg8 28. Rfh1 Be5 29. R7h6 Bf3 30. Re1 Kg7 31. Rh3 g4 32. Rg1 Bd4 33.
Rxf3 Bxg1 34. Rg3 f5 35. Rxg1 Kf6 36. b4 Kg5 37. b5 Rc8 38. Kb2 Rc4 39. Kb3 Rd4
40. a4 f4 41. Ne2 Rd2 42. Nxf4 Kxf4 43. Rf1+ Ke3 44. Rf6 e5 45. Rf7 Rd8 46. Rg7
Kf3 47. Rf7+ Kg2 48. Rxa7 Re8 49. Kc3 g3 50. Kd2 Rf8 51. a5 Kf2 52. Rg7 g2 53.
a6 g1=Q 54. Rxg1 Kxg1 55. Ke3 Rc8 56. b6 Rxc2 57. b7 Rb2 58. a7 1-0